| 000 | 00821nam a22002297a 4500 | ||
|---|---|---|---|
| 999 |
_c20794 _d20794 |
||
| 003 | AR-CdUCM | ||
| 008 | 190605b ||||| |||| 00| 0 spa d | ||
| 040 |
_aMUNICIPALIDAD PROVINCIAL DEL CUSCO _cBIBLIOTECA MUNICIPAL DEL CUSCO |
||
| 082 |
_a869.50361 / _bD54 |
||
| 100 |
_aDel castillo A., Victor y Guzmán C., Leonel _943429 |
||
| 245 |
_aCusco inmortal : _bCuentos mitos leyendas / |
||
| 260 |
_aCusco : _bAndina, |
||
| 300 |
_a59 páginas ; _c17 cm. |
||
| 500 | _a[libro reempastado] | ||
| 505 | _aContenido: La ñusta soberbia de Pisaq -- La Lorena encantada -- Apu Ausangati el dios guardián... | ||
| 650 |
_aCuentos cusqueñas _943430 |
||
| 650 |
_aMitos cusqueñas _943431 |
||
| 650 |
_aLeyendas cusqueñas _943432 |
||
| 700 |
_aHurtado, Carlos (carátula) _943433 |
||
| 942 |
_2ddc _cLIBROS |
||
| 945 | _aAndy | ||